000 03167nas1a22004451i 4500
001 RU\NLR\INFOCOMM6\1000508100
005 20240723101758.0
035 _a(NLR Aleph) 002343832
090 _a4491127
_c4491127
100 _a20041105c1976 |||y0rusy50 ca
101 0 _arus
102 _aRU
110 _azyu||||0|y0
200 1 _aИнформационный бюллетень
_fКоординац. центр стран-членов СЭВ по проблеме "Изучение хим., физ., биол. и др. процессов важнейших районов Мирового океана и разработка соврем. техн. средств для эффективного исследования и освоения его ресурсов". Ин-т океанологии им. П.П.Ширшова АН СССР
210 _aМ.
_d1976-
710 0 2 _aСЭВ
_bКоординационный центр по проблеме "Изучение химических, физических, биологических и других процессов важнейших районов Мирового океана и разработка современных технических средств для эффективного исследования и освоения его ресурсов"
_4070
712 0 2 _aИнститут океанологии им. П.П. Ширшова
_cМосква
_4570
801 1 _aRU
_bInfoComm
_c20041105
801 0 _aRU
_bNLR
_gPSBO
852 _aNLR
_jП8/1165
942 _cSE
980 _aRUSPER